| 000 | 01047nam a22002777a 4500 | ||
|---|---|---|---|
| 999 |
_c113636 _d113636 |
||
| 003 | dpl | ||
| 005 | 20190119115603.0 | ||
| 008 | 190119b ||||| |||| 00| 0 eng d | ||
| 010 | _aB-157949 | ||
| 020 |
_c125.00 _a8185726757 |
||
| 035 | _aB-157949, B-185907 | ||
| 037 | _bCen Lib/Ret | ||
| 040 |
_aDPL _bHN _c0 |
||
| 082 |
_a821 _bमधुर |
||
| 100 |
_aमधुर कमल _953156 |
||
| 245 |
_aकिरणों का हरकारा / _cमधुर कमल |
||
| 246 |
_aKirnon ka harkara _b by Madhur Kamal |
||
| 260 |
_a दिल्ली _bयात्री प्रकाशन _c2005 |
||
| 270 |
_aबी -131, गली न. 2, सादतपुर _b दिल्ली _e110094 |
||
| 300 |
_a104पृष्ठ. _c21सेमी(सजिल्द) |
||
| 650 |
_aहिंदी साहित्य _953157 |
||
| 650 |
_aहिंदी काव्य _953158 |
||
| 650 |
_aHindi Literature _953159 |
||
| 650 |
_aHindi Poetry _953160 |
||
| 942 |
_2ddc _cHN _h821 _mमधुर |
||